00295nam a2200109Ia 4500008004000000082001700040100002400057245003000081260003500111300001000146650002900156210210b1973 xxu||||| |||| 00| 0 eng d a821.009 SHIS aSHIVPURI (Jagdish). aSix modern english poets. aN DbS. Chand & Co. Ltd.c1973 ax,141 aEnglish Poetry Criticism